| 000 | 00714nam a2200229Ia 4500 | ||
|---|---|---|---|
| 001 | 10267 | ||
| 003 | GE_BSU | ||
| 008 | 181216s||||||||xx |||||||||||||| ||und|| | ||
| 040 | _cGE_BSU | ||
| 080 | _a821.353.1–32 | ||
| 100 | _aსანადირაძე,გიორგი | ||
| 245 | _aთოლიების ცა. | ||
| 245 | _bმოთხრობები | ||
| 245 | _cრედ.ნ.ნოღაიდელი.მხატვ.ვ.კვერნაძე | ||
| 260 | _aბათუმი | ||
| 260 | _bსახელგამი | ||
| 260 | _c1960 | ||
| 300 | _a96გვ.17სმ. | ||
| 653 | _aთოლიების ცა. | ||
| 653 | _aმოთხრობები | ||
| 942 | _cBK | ||
| 999 |
_c43536 _d43536 |
||